Профессиональный английский язык: электроэнергетика. Часть 1: электронный курс

Detaylı Bibliyografya
Yazar: Евсеева А. М. Арина Михайловна
Müşterek Yazar: Национальный исследовательский Томский политехнический университет Школа базовой инженерной подготовки Отделение иностранных языков
Özet:Заглавие с экрана
The course is intended for students who aim to improve language competency and get an additional qualification, to combine special knowledge and interpreting skills in the field of professional communication.The course covers such professional issues as energy sources, power system structure, power system equipment, etc.
Доступ по логину и паролю
Dil:Rusça
Baskı/Yayın Bilgisi: Томск, TPU Moodle, 2020
Konular:
Online Erişim:https://design.lms.tpu.ru/course/view.php?id=3845
Materyal Türü: MixedMaterials Elektronik Kitap
KOHA link:https://koha.lib.tpu.ru/cgi-bin/koha/opac-detail.pl?biblionumber=667048

MARC

LEADER 00000nlm0a2200000 4500
001 667048
005 20231215133318.0
035 |a (RuTPU)RU\TPU\network\38252 
035 |a RU\TPU\network\38251 
090 |a 667048 
100 |a 20220218d2020 m y0rusy50 ca 
101 0 |a rus 
102 |a RU 
105 |a a j 000zy 
135 |a jrcn ---uucaa 
181 0 |a i  
182 0 |a b 
200 1 |a Профессиональный английский язык: электроэнергетика. Часть 1  |e электронный курс  |f А. М. Евсеева  |g Национальный исследовательский Томский политехнический университет, Школа базовой инженерной подготовки, Отделение иностранных языков 
203 |a Текст  |c электронный 
210 |a Томск  |c TPU Moodle  |d 2020 
300 |a Заглавие с экрана 
330 |a The course is intended for students who aim to improve language competency and get an additional qualification, to combine special knowledge and interpreting skills in the field of professional communication.The course covers such professional issues as energy sources, power system structure, power system equipment, etc. 
333 |a Доступ по логину и паролю 
606 1 |a Английский язык  |x Учебные руководства и пособия  |x Учебные руководства и пособия для высшей школы  |2 stltpush  |3 (RuTPU)RU\TPU\subj\29071  |9 52483 
610 1 |a электронный ресурс 
610 1 |a труды учёных ТПУ 
610 1 |a электронное обучение 
610 1 |a электронные курсы ТПУ 
610 1 |a электронные учебные пособия 
686 |a Ш143.21-923  |2 rubbk 
700 1 |a Евсеева  |b А. М.  |c лингвист  |c старший преподаватель Томского политехнического университета  |f 1979-  |g Арина Михайловна  |3 (RuTPU)RU\TPU\pers\26704  |9 12362 
712 0 2 |a Национальный исследовательский Томский политехнический университет  |b Школа базовой инженерной подготовки  |b Отделение иностранных языков  |3 (RuTPU)RU\TPU\col\23510 
801 2 |a RU  |b 63413507  |c 20220628  |g RCR 
856 4 |u https://design.lms.tpu.ru/course/view.php?id=3845 
942 |c CF